WWE Championship - Statistics

Statistiche generali
  • Questo quiz è stato fatto 220 volte
  • Il punteggio medio è 26 su 55
Statistiche sulle risposte
Campione (Ring name) % Corretto
25 Triple H
95%
33 John Cena
93%
46 Roman Reigns
84%
14 Undertaker
84%
9 Hulk Hogan
80%
36 Randy Orton
80%
45 Seth Rollins
80%
54 Big E
77%
30 Brock Lesnar
75%
23 The Rock
71%
22 Kane
69%
47 Dean Ambrose
63%
21 "Stone Cold" Steve Austin
63%
38 Batista
62%
41 CM Punk
61%
31 Eddie Guerrero
61%
27 Big Show
59%
16 Bret Hart
59%
15 Ric Flair
59%
55 Cody Rhodes
58%
19 Shawn Michaels
58%
10 André the Giant
56%
34 Edge
56%
51 Kofi Kingston
55%
42 Rey Mysterio
55%
40 The Miz
50%
2 Bruno Sammartino
48%
44 Daniel Bryan
48%
12 Ultimate Warrior
48%
49 Bray Wyatt
46%
48 AJ Styles
41%
29 Chris Jericho
41%
11 "Macho man" Randy Savage
41%
52 Drew McIntyre
39%
50 Jinder Mahal
38%
28 Kurt Angle
37%
39 Sheamus
36%
53 Bobby Lashley
33%
37 Jeff Hardy
33%
43 Alberto Del Rio
31%
17 Yokozuna
31%
18 Diesel
28%
26 Vince McMahon
28%
24 Mankind
27%
35 Rob Van Dam
24%
7 Bob Backlund
23%
8 The Iron Sheik
18%
32 John "Bradshaw" Layfield
17%
13 Sgt. Slaughter
16%
1 Buddy Rogers
13%
20 Sycho Sid
13%
3 Ivan Koloff
11%
4 Pedro Morales
10%
6 Superstar Billy Graham
9%
5 Stan Stasiak
7%
Nessun quiz corrispondente trovato
Distribuzione punteggi
Percentuale di utenti per punteggio
Percentile per numero di risposta
I tuoi punteggi nel tempo
Non hai fatto questo quiz